Statistieken voor WK Qatar 2022 topscoorders

Klik hier om de quiz te nemen!

Algemene statistieken

  • Deze quiz is 59 keer genomen
  • De gemiddelde score is 7 van 11

Antwoordstatistieken

HintAntwoord% Correct
ArgentiniëMessi
100%
FrankrijkMbappe
98%
Argentinië
Alvarez
66%
SpanjeMorata
62%
FrankrijkGiroud
60%
BraziliëRicharlison
60%
NederlandGakpo
55%
EcuadorValencia
47%
PortugalRamos
45%
EngelandRashford
45%
EngelandSaka
36%

Scoreverdeling

Percentiel versus Aantal Correcte Antwoorden

Procent van Mensen met Elke Score

Uw Scoregeschiedenis

U heeft deze quiz nog niet genomen